000 00264nam a22001217a 4500
008 180308b xxu||||| |||| 00| 0 eng d
041 _aeng
080 _a37
100 _a25
101 _aEDU
245 _aFAIRNESS IS A KIDS GAME
_cDAVID.W.R
942 _2udc
_cBK
999 _c44424
_d44424